000 00673nam a2200217 a 4500
005 20220810143213.0
008 040325s2002 mx r 000 0 spa d
020 _a987000265X
035 _aUPN01000132833
049 _aCG
050 4 _aHV6570
_bA2.9 2002
245 0 0 _aAbuso sexual en la infancia :
_bel quehacer y la ética /
_cLucía Barbero Fuks ... [et al.] ; comp. Jorge R. Volnovich.
250 _a2a ed.
260 _aMéxico :
_bLumen-Hvmanitas,
_c2002.
300 _a188 p.
440 0 _aMinoridad y familia
650 4 _aAbuso sexual de niños
_975
700 1 _aBarbero Fuks, Lucía,
_ecoaut.
700 1 _aVolnovich, Jorge R.,
_ecomp.
905 _aLibro
999 _c104987
_d104987